[Event "IECG CP.1998.P.00080"]
[Site "IECG email"]
[Date "1998.10.01"]
[Round "?"]
[White "Downham, Simon"]
[Black "Roper, Matthew"]
[Result "1-0"]
[WhiteElo "1800"]
[BlackElo "1850"]
[PlyCount "47"]
[EventDate "1998.10.01"]
[EventType "tourn (corr)"]
[EventRounds "6"]
[EventCountry "ENG"]
[SourceTitle "Corr 2008"]
[Source "ChessBase"]
[SourceDate "2008.06.24"]
[SourceVersion "1"]
[SourceVersionDate "2008.06.24"]
[SourceQuality "1"]

1. d4 Nf6 2. c4 c5 3. d5 e6 4. Nc3 exd5 5. cxd5 d6 6. e4 g6 7. Bd3 Bg7 8. h3 0-0 9. Nf3 a6 10. a4 Re8 11. 0-0 Nbd7 12. Re1 Rb8 13. Bf4 Qc7 14. Bf1 c4 15. Rc1 b5 16. axb5 axb5 17. Nd4 Ba6 18. b4 Nh5 19. Be3 Bxd4 20. Qxd4 Nf8 21. g4 Ng7 22. Bh6 f5 23. exf5 gxf5 24. Rxe8 1-0